000 00353nam a2200169Ia 4500
003 0STCL
008 150530s9999 xx 000 0 und d
040 _aSTCL
_cSTCL
100 _aGosse, E.
245 _aGray
250 _aFirst
260 _bMacmillan
_c1916
546 _aEnglish
942 _2ddc
_cBK
999 _c61329
_d61329
005 20220125171149.0